00398nam a22001217a 4500082001300000100003100013245004000044526003700084650001300121942001200134999001900146952011100165 a359bTHU aThursfield, James R950697 aNaval warefarec James R.Thursfield a0b0c0d359_000000000000000_THU aMCE9379 2ddccBK c553463d553463 00102ddc4070aMCEbMCEcArchive Sectiond2015-02-11l0o359 THUpMCE-ECN/63r2015-02-11w2015-02-11yBK